Football - Equipe ayant dominé le championnat de D1 de 1980 à 1989 - Statistiques

Statistiques générales
  • Ce quiz a été pris 84 fois
  • Le résultat moyen est 9 sur 10
Statistiques - réponses
Réponse % Correct
O.Marseille
99%
Paris Saint-Germain
99%
FC Girondins de Bordeaux
94%
FC Nantes
91%
Olympique Lyonnais
91%
AS Monaco
90%
RC Lens
86%
FC Metz
82%
AJ Auxerre
81%
Montpellier HSC
70%
Aucun quiz correspondant
Distribution des résultats
% des personnes avec chaque résultat
Percentile par nombre de réponses
Votre historique - résultats
Vous n’avez pas pris ce quiz